Frases y palabras latinas usadas en español - Estadísticas

Estadísticas generales
  • Esta prueba ha sido intentada 126 veces
    51 desde el último reinicio
  • La puntuación promedio es 7 de 22
Estadísticas de respuestas
Traducción literal Latinismo % Correcto
Culpa mía Mea culpa
81%
El otro yo Alter ego
69%
Voz del pueblo Vox populi
64%
Coge el día Carpe diem
57%
Algo a cambio de algo Quid pro quo
43%
Y lo demás Etcétera
40%
Por cabeza Per cápita
38%
Camino de la cruz Via crucis
38%
Carrera de la vida Curriculum vitae
36%
Por sí / por sí mismo Per se
36%
Por honor Honoris causa
31%
Dos veces Bis
29%
Con alabanza Cum laude
29%
Para esto Ad hoc
21%
A la persona Ad hominem
19%
Madre nutricia Alma mater
19%
De lo anterior A priori
19%
Invertido el orden Viceversa
19%
De derecho De iure
17%
En el estado en que Statu quo
12%
Alrededor de Circa
10%
De otro modo Alias
5%
No se encontraron pruebas coincidentes
Distribución de puntuación
Porcentaje de gente con cada puntuación
Porcentaje por número respondido
Historial de tus puntuaciones
No has intentado esta prueba desde el último reinicio